ბათუმის შოთა რუსთაველის სახელმწიფო უნივერსიტეტის ბიბლიოთეკა

სამხრეთის ვარსკვლავი (ბიბ.ჩანაწერი № 43576)

000 -LEADER
fixed length control field 00834nam a2200229Ia 4500
001 - CONTROL NUMBER
control field 10309
003 - CONTROL NUMBER IDENTIFIER
control field GE_BSU
008 - FIXED-LENGTH DATA ELEMENTS--GENERAL INFORMATION
fixed length control field 181216s||||||||xx |||||||||||||| ||und||
040 ## - CATALOGING SOURCE
Transcribing agency GE_BSU
080 ## - UNIVERSAL DECIMAL CLASSIFICATION NUMBER
Universal Decimal Classification number 82-93:821.353.1-32
100 ## - MAIN ENTRY--PERSONAL NAME
Personal name ურჯუმელაშვილი,ვანო
245 ## - TITLE STATEMENT
Title სამხრეთის ვარსკვლავი
245 ## - TITLE STATEMENT
Remainder of title საბავშვო მოთხრობები
245 ## - TITLE STATEMENT
Statement of responsibility, etc. რედ:მ.ახვლედიანი;მხატვ:.პ.ცინცაძე
260 ## - PUBLICATION, DISTRIBUTION, ETC.
Place of publication, distribution, etc. თბილისი.
260 ## - PUBLICATION, DISTRIBUTION, ETC.
Name of publisher, distributor, etc. ნაკადული.
260 ## - PUBLICATION, DISTRIBUTION, ETC.
Date of publication, distribution, etc. 1971
300 ## - PHYSICAL DESCRIPTION
Extent 348გვ;ილ;20სმ.
653 ## - INDEX TERM--UNCONTROLLED
Uncontrolled term საბავშვო მოთხრობები
653 ## - INDEX TERM--UNCONTROLLED
Uncontrolled term სამხრეთის ვარსკვლავი
942 ## - ADDED ENTRY ELEMENTS (KOHA)
Koha item type წიგნი
ეგზემპლარები
Withdrawn status Lost status Damaged status Not for loan Date acquired Barcode Date last seen Price effective from Koha item type
        2018-12-17 34014 2018-12-17 2018-12-17 წიგნი
        2018-12-17 34015 2018-12-17 2018-12-17 წიგნი